Vaara-kirjastot - Statistics

Yleistilastot
  • Tätä visaa on pelattu 4 kertaa
  • Keskiarvotulos 13 / 37
Vastaustilastot
Joensuu % Oikein
Enon kirjasto
75%
Joensuun pääkirjasto
75%
Kesälahden kirjasto
75%
Kiteen kirjasto
75%
Kontiolahden kirjasto
75%
Lieksan kirjasto
75%
Liperin kirjasto
75%
Nurmeksen kirjasto
75%
Rääkkylän kirjasto
75%
Tohmajärven kirjasto
75%
Ilomantsin kirjasto
50%
Ilomantsin kirjastoauto
50%
Juuan kunnankirjasto
50%
Outokummun kirjasto
50%
Polvijärven kirjasto
50%
Rantakylän kirjasto
50%
Uimaharjun kirjasto
50%
Ylämyllyn kirjasto
50%
Heinävaaran kirjasto
25%
Heinäveden kirjasto
25%
Kiihtelysvaaran kirjasto
25%
Pyhäselän kirjasto
25%
Tuupovaaran kirjasto
25%
Valtimon kirjasto
25%
Viinijärven kirjasto
25%
Hilippa (Lieksan kirjastoauto)
0%
Ilona (Nurmeksen kirjastoauto)
0%
Karsikon kirjasto
0%
Ketunlenkki (Liperin, Outokummun ja Polvijärven kirjastoauto)
0%
Kolin siirtokokoelma
0%
Lehmon kirjasto
0%
Maiju II (Tohmajärven kirjastoauto)
0%
Mysteeri (Joensuun kirjastoauto)
0%
Nepenmäen kirjasto
0%
Puhoksen kirjasto
0%
Reijolan kirjasto
0%
Runo-Antti III (Kontiolahden ja Enon kirjastoauto)
0%
Ehtoja vastaavia visoja ei löytynyt
Tulosjakauma
Jokaisen tuloksen saaneiden osuus
Persentiili vastausten määrän mukaan
Tuloshistoriasi
Et ole pelannut tätä visaa